Najpopularniejsze Marki Telefonów - Statystyki

Ogólne statystyki
  • Ten quiz został rozwiązany 3 322 razy
  • Średni wynik to 3 z 6
Statystyki odpowiedzi
Hint Odpowiedź % Poprawnych
31% SAMSUNG
97%
11% IPHONE
88%
32% HUAWEI
64%
Brak danych XIAOMI
59%
6% LG
34%
2% LENOVO
6%
Nie znaleziono quizów pasujących do podanych kryteriów
Rozkład punktacji
Procent ludzi z każdym wynikiem
Percentyl według liczby udzielonych odpowiedzi
Twoja historia wyników
Nie rozwiązałeś tego quizu